000 00732cam a2200253 4500
001 J2166
008 090401t xxu||||| |||| 00| 0 eng d
035 _a(Sirsi) u47602
041 _aeng
050 _a711.5520212
110 _aRichard Saunders and Partners
_91991
245 _aCity floorspace survey. - January - December 1994
260 _aLondon
_bRichard Saunders and Partners
_c1994-95
300 _a12 pt. ; 30cm.
350 _a0
520 _aSeptember,October and November summaries only - no detailed statistics issued.
650 _aCITY OF LONDON
650 _aFLOORSPACE STATISTICS
650 _aLONDON
650 _aOFFICES
690 _aPROPERTY-COMMERCIAL PROPERTY
942 _n0
948 _c04/03/1997
999 _c92161
_d92161